Advanced mathematics for engineers, (Record no. 543605)
[ view plain ]
| 000 -LEADER | |
|---|---|
| fixed length control field | 00637cam a22001811 4500 |
| 082 ## - DEWEY DECIMAL CLASSIFICATION NUMBER | |
| Classification number | 510.2462 |
| Author Mark | RED |
| -- | L-3, P-4 |
| 100 1# - MAIN ENTRY--PERSONAL NAME | |
| Personal name | Reddick, Harry W. |
| 9 (RLIN) | 39020 |
| 245 00 - TITLE STATEMENT | |
| Title | Advanced mathematics for engineers, |
| Statement of responsibility, etc. | by H.W. Reddick ... and F.H. Miller. |
| 260 ## - PUBLICATION, DISTRIBUTION, ETC. | |
| Place of publication, distribution, etc. | New York, |
| Name of publisher, distributor, etc. | J. Wiley & Sons, inc.; |
| Place of publication, distribution, etc. | London, |
| Name of publisher, distributor, etc. | Chapman & Hall, limited, |
| Date of publication, distribution, etc. | 1938. |
| 300 ## - PHYSICAL DESCRIPTION | |
| Extent | x, 473 p. |
| Other physical details | diagrs. |
| Dimensions | 24 cm. |
| 500 ## - GENERAL NOTE | |
| General note | "Answers to problems": p. 457-466. |
| 526 ## - STUDY PROGRAM INFORMATION NOTE | |
| Program name | 0 |
| Interest level | 0 |
| Reading level | 0 |
| Title point value | 510_246200000000000_RED |
| 526 ## - STUDY PROGRAM INFORMATION NOTE | |
| Program name | 0 |
| Interest level | 0 |
| Reading level | 0 |
| Title point value | 510_246200000000000_RED |
| 650 #0 - SUBJECT ADDED ENTRY--TOPICAL TERM | |
| Topical term or geographic name entry element | Engineering. |
| 650 #0 - SUBJECT ADDED ENTRY--TOPICAL TERM | |
| Topical term or geographic name entry element | Mathematics. |
| 700 1# - ADDED ENTRY--PERSONAL NAME | |
| Personal name | Miller, Frederic H. |
| 9 (RLIN) | 39021 |
| 942 ## - ADDED ENTRY ELEMENTS (KOHA) | |
| Source of classification or shelving scheme | |
| Koha item type | Book |
| Withdrawn status | Lost status | Source of classification or shelving scheme | Damaged status | Not for loan | Permanent Location | Current Location | Date acquired | Total Checkouts | Full call number | Barcode | Date last seen | Price effective from | Koha item type |
|---|---|---|---|---|---|---|---|---|---|---|---|---|---|
| Military College of Engineering (MCE) | Military College of Engineering (MCE) | 03/27/2014 | 510.2462 RED | MCE-29090 | 03/27/2014 | 03/27/2014 | Book | ||||||
| Military College of Engineering (MCE) | Military College of Engineering (MCE) | 03/27/2014 | 510.2462 RED | MCE-29089 | 03/27/2014 | 03/27/2014 | Book |
